[Event "Sao Paulo Communic 1st"]
[Site "Sao Paulo"]
[Date "2002.10.11"]
[Round "5"]
[White "Rosa, Jose Antonio"]
[Black "Rodriguez Vila, Andres"]
[Result "0-1"]
[WhiteElo "2130"]
[BlackElo "2490"]
[PlyCount "88"]
[EventDate "2002.10.07"]
[EventType "tourn"]
[EventRounds "9"]
[EventCountry "BRA"]
[EventCategory "3"]
[SourceTitle "EXT 2012"]
[Source "ChessBase"]
[SourceDate "2011.11.24"]
[SourceVersion "1"]
[SourceVersionDate "2011.11.24"]
[SourceQuality "1"]

1. e4 e6 2. d3 d5 3. Nd2 Nf6 4. Ngf3 Bc5 5. Nb3 Be7 6. exd5 exd5 7. d4 O-O 8.
Bd3 b6 9. c3 c5 10. Be2 Bf5 11. O-O c4 12. Nbd2 b5 13. Ne5 a5 14. g4 Bc8 15. f4
Ra6 16. h3 Ne8 17. Rf2 f6 18. Nef3 Nd6 19. Bf1 b4 20. Bg2 Nb5 21. Qc2 a4 22.
cxb4 Nc6 23. a3 Be6 24. Qd1 Ncxd4 25. Nf1 Nb3 26. Rb1 d4 27. Ng3 Qc7 28. Ne2
Rd8 29. f5 Bf7 30. Bf4 Bd6 31. Bxd6 Raxd6 32. Nc1 c3 33. Nd3 cxb2 34. Rbxb2
Nxa3 35. Ra2 Nb5 36. Rxa4 Bc4 37. Qc2 Qf7 38. Nfe5 fxe5 39. Nxe5 d3 40. Nxf7
dxc2 41. Nh6+ Rxh6 42. Rxc2 Bf7 43. Bf1 N3d4 44. Rc5 Rb6 0-1

[Event "Sao Paulo Communic 1st"]
[Site "Sao Paulo"]
[Date "2002.10.12"]
[Round "6"]
[White "Rodriguez Vila, Andres"]
[Black "Lebredo Zarragoitia, Gerardo"]
[Result "1/2-1/2"]
[WhiteElo "2490"]
[BlackElo "2315"]
[PlyCount "33"]
[EventDate "2002.10.07"]
[EventType "tourn"]
[EventRounds "9"]
[EventCountry "BRA"]
[EventCategory "3"]
[SourceTitle "EXT 2012"]
[Source "ChessBase"]
[SourceDate "2011.11.24"]
[SourceVersion "1"]
[SourceVersionDate "2011.11.24"]
[SourceQuality "1"]

1. e4 c5 2. Nc3 a6 3. g3 b5 4. Bg2 Bb7 5. d3 e6 6. f4 d5 7. e5 Nh6 8. Nf3 Nf5
9. O-O h5 10. Ne2 Nc6 11. c3 d4 12. cxd4 cxd4 13. h3 Nb4 14. Nh4 Bxg2 15. Nxg2
Rc8 16. a3 Nc2 17. Rb1 1/2-1/2

[Event "Sao Paulo Communic 1st"]
[Site "Sao Paulo"]
[Date "2002.10.13"]
[Round "7"]
[White "Valiente, Cristobal"]
[Black "Rodriguez Vila, Andres"]
[Result "1/2-1/2"]
[WhiteElo "2330"]
[BlackElo "2490"]
[PlyCount "24"]
[EventDate "2002.10.07"]
[EventType "tourn"]
[EventRounds "9"]
[EventCountry "BRA"]
[EventCategory "3"]
[SourceTitle "EXT 2012"]
[Source "ChessBase"]
[SourceDate "2011.11.24"]
[SourceVersion "1"]
[SourceVersionDate "2011.11.24"]
[SourceQuality "1"]

1. e4 e6 2. d3 d5 3. Qe2 Nf6 4. Nf3 dxe4 5. dxe4 b6 6. Nc3 Ba6 7. Qd2 Qc8 8.
Bd3 Be7 9. O-O O-O 10. e5 Nfd7 11. Na4 Bxd3 12. Qxd3 Rd8 1/2-1/2

[Event "Sao Paulo Communic 1st"]
[Site "Sao Paulo"]
[Date "2002.10.14"]
[Round "8"]
[White "Rocha, Wellington Carlos"]
[Black "Rodriguez Vila, Andres"]
[Result "1-0"]
[WhiteElo "2420"]
[BlackElo "2490"]
[PlyCount "97"]
[EventDate "2002.10.07"]
[EventType "tourn"]
[EventRounds "9"]
[EventCountry "BRA"]
[EventCategory "3"]
[SourceTitle "EXT 2012"]
[Source "ChessBase"]
[SourceDate "2011.11.24"]
[SourceVersion "1"]
[SourceVersionDate "2011.11.24"]
[SourceQuality "1"]

1. d4 f5 2. g3 Nf6 3. Bg2 g6 4. c4 Bg7 5. Nc3 O-O 6. Nh3 d6 7. d5 c5 8. Nf4 Na6
9. h3 Nc7 10. a4 Rb8 11. Ra3 b6 12. Nb5 a6 13. Nxc7 Qxc7 14. g4 fxg4 15. hxg4
Nxg4 16. Rah3 g5 17. Ne6 Bxe6 18. dxe6 Nxf2 19. Qc2 Nxh3 20. Rxh3 h6 21. Bxg5
d5 22. Bxh6 Qe5 23. Qg6 Qxb2 24. Bf3 Qa1+ 25. Kf2 Qf6 26. Qg2 Qd4+ 27. Be3 Qe5
28. cxd5 Rbd8 29. Rg3 Rxd5 30. Rg5 Rxf3+ 31. Qxf3 Qh2+ 32. Rg2 Qh4+ 33. Rg3 Qh5
34. Rg4 Qf5 35. Bh6 Qxf3+ 36. exf3 Kh7 37. Bxg7 b5 38. axb5 axb5 39. Bf6 Rd6
40. Rg7+ Kh6 41. Rxe7 b4 42. Be5 Rb6 43. Ke3 c4 44. Ke4 b3 45. Kf5 Rb5 46. Re8
Rxe5+ 47. Kxe5 b2 48. Kf6 Kh7 49. Rh8+ 1-0

[Event "Sao Paulo Communic 1st"]
[Site "Sao Paulo"]
[Date "2002.10.15"]
[Round "9"]
[White "Rodriguez Vila, Andres"]
[Black "Marques, Vinicius"]
[Result "1/2-1/2"]
[WhiteElo "2490"]
[BlackElo "2340"]
[PlyCount "28"]
[EventDate "2002.10.07"]
[EventType "tourn"]
[EventRounds "9"]
[EventCountry "BRA"]
[EventCategory "3"]
[SourceTitle "EXT 2012"]
[Source "ChessBase"]
[SourceDate "2011.11.24"]
[SourceVersion "1"]
[SourceVersionDate "2011.11.24"]
[SourceQuality "1"]

1. e4 e5 2. Nf3 Nc6 3. Bb5 a6 4. Ba4 Nf6 5. O-O Be7 6. Re1 b5 7. Bb3 d6 8. c3
O-O 9. h3 Nd7 10. d4 Re8 11. Ng5 Rf8 12. Nf3 Re8 13. Ng5 Rf8 14. Nf3 Re8
1/2-1/2

[Event "Pro American op 9th"]
[Site "Villa Martelli"]
[Date "2002.10.26"]
[Round "2"]
[White "Alvarez Castillo, Hector Adrian"]
[Black "Rodriguez Vila, Andres"]
[Result "0-1"]
[WhiteElo "2211"]
[BlackElo "2493"]
[PlyCount "52"]
[EventDate "2002.10.24"]
[EventType "swiss"]
[EventRounds "9"]
[EventCountry "ARG"]
[SourceTitle "EXT 2004"]
[Source "ChessBase"]
[SourceDate "2003.11.25"]
[SourceVersion "1"]
[SourceVersionDate "2003.11.25"]
[SourceQuality "1"]

1. e4 e6 2. d4 d5 3. Nc3 Bb4 4. Nge2 dxe4 5. a3 Ba5 6. b4 Bb6 7. Nxe4 a5 8. Bb2
Nf6 9. Nxf6+ Qxf6 10. c4 O-O 11. c5 Ba7 12. Nc3 Nc6 13. Bd3 axb4 14. Qh5 g6 15.
Ne4 Qg7 16. Qh4 f5 17. Ng5 h6 18. Nf3 Bxc5 19. dxc5 Qxb2 20. Rb1 Qc3+ 21. Ke2
Rxa3 22. Rhd1 Kg7 23. Bb5 Qxc5 24. Bxc6 bxc6 25. Ne1 e5 26. Kf1 e4 0-1

[Event "Pro American op 9th"]
[Site "Villa Martelli"]
[Date "2002.10.27"]
[Round "3"]
[White "Rodriguez Vila, Andres"]
[Black "Liascovich, Lucas Agustin"]
[Result "1-0"]
[WhiteElo "2493"]
[BlackElo "2312"]
[PlyCount "47"]
[EventDate "2002.10.24"]
[EventType "swiss"]
[EventRounds "9"]
[EventCountry "ARG"]
[SourceTitle "EXT 2004"]
[Source "ChessBase"]
[SourceDate "2003.11.25"]
[SourceVersion "1"]
[SourceVersionDate "2003.11.25"]
[SourceQuality "1"]

1. e4 c5 2. Nc3 Nc6 3. f4 g6 4. g3 Bg7 5. Bg2 d6 6. d3 e6 7. Nf3 Nge7 8. O-O
O-O 9. Be3 Nd4 10. Qd2 f5 11. e5 Nxf3+ 12. Bxf3 dxe5 13. Bxc5 Qc7 14. Qf2 exf4
15. gxf4 Qxf4 16. Rad1 Rf7 17. Nb5 Bf8 18. Nxa7 Bd7 19. c4 Bg7 20. Nb5 Bc6 21.
Bxc6 Qxf2+ 22. Rxf2 Nxc6 23. d4 e5 24. d5 1-0

[Event "Pro American op 9th"]
[Site "Villa Martelli"]
[Date "2002.??.??"]
[Round "4"]
[White "Lafuente, Pablo"]
[Black "Rodriguez Vila, Andres"]
[Result "0-1"]
[WhiteElo "2422"]
[BlackElo "2493"]
[PlyCount "94"]
[EventDate "2002.10.24"]
[EventType "swiss"]
[EventRounds "9"]
[EventCountry "ARG"]
[SourceTitle "EXT 2004"]
[Source "ChessBase"]
[SourceDate "2003.11.25"]
[SourceVersion "1"]
[SourceVersionDate "2003.11.25"]
[SourceQuality "1"]

1. d4 f5 2. c4 Nf6 3. Nc3 g6 4. h4 d6 5. h5 Nxh5 6. e4 Ng7 7. exf5 Bxf5 8. g4
Be6 9. Bd3 Qd7 10. Bxg6+ Kd8 11. Be4 c6 12. f3 Bxc4 13. Rxh7 Rxh7 14. Bxh7 Qe6+
15. Kf2 Qf6 16. Bc2 Ne6 17. Nge2 Nd7 18. Be3 Nb6 19. Bb3 Bg7 20. d5 Nxd5 21.
Nxd5 cxd5 22. Bxc4 dxc4 23. Qd5 Rc8 24. Bxa7 Rc6 25. Rc1 Nf4 26. Nxf4 Qxf4 27.
Rh1 Bxb2 28. Be3 Qe5 29. Qg8+ Kd7 30. Rh5 Qf6 31. Rb5 Rc7 32. Qb8 Qh4+ 33. Kg2
Qe1 34. Rxb7 Qe2+ 35. Bf2 Rxb7 36. Qxb7+ Ke6 37. Qc8+ Kf7 38. Qf5+ Bf6 39. g5
Qe5 40. Qh7+ Bg7 41. Qh5+ Kf8 42. Qg4 c3 43. a4 e6 44. a5 c2 45. Bg3 Qe2+ 46.
Kh3 c1=Q 47. Bxd6+ Kg8 0-1

[Event "Pro American op 9th"]
[Site "Villa Martelli"]
[Date "2002.10.30"]
[Round "6"]
[White "Giardelli, Sergio Carlos"]
[Black "Rodriguez Vila, Andres"]
[Result "1-0"]
[WhiteElo "2417"]
[BlackElo "2493"]
[PlyCount "48"]
[EventDate "2002.10.24"]
[EventType "swiss"]
[EventRounds "9"]
[EventCountry "ARG"]
[SourceTitle "EXT 2004"]
[Source "ChessBase"]
[SourceDate "2003.11.25"]
[SourceVersion "1"]
[SourceVersionDate "2003.11.25"]
[SourceQuality "1"]

1. c4 f5 2. Nf3 Nf6 3. g3 g6 4. d4 Bg7 5. b4 d5 6. cxd5 Nxd5 7. a3 c6 8. Bg2 a5
9. bxa5 Qxa5+ 10. Bd2 Qa4 11. O-O Bxd4 12. Nxd4 Qxd4 13. Qb3 Nd7 14. Ra2 Nc5
15. Qc2 Ne4 16. Bc1 Qa4 17. Qb2 O-O 18. Qe5 Qc4 19. Rb2 Qc5 20. Bxe4 fxe4 21.
Be3 Qd6 22. Qxe4 b5 23. Bc1 Rxa3 24. Bh6 Rf6 1-0

[Event "Sao Paulo Interclubs"]
[Site "Sao Paulo"]
[Date "2003.??.??"]
[Round "1"]
[White "Rodriguez Vila, Andres"]
[Black "Dianda, Joao Carlos"]
[Result "0-1"]
[WhiteElo "2479"]
[BlackElo "2104"]
[PlyCount "58"]
[EventDate "2003.03.08"]
[EventType "team"]
[EventRounds "7"]
[EventCountry "BRA"]
[SourceTitle "CBM 093 Extra"]
[Source "ChessBase"]
[SourceDate "2003.05.09"]
[SourceVersion "1"]
[SourceVersionDate "2003.05.09"]
[SourceQuality "1"]

1. e4 e6 2. d4 d5 3. e5 c5 4. c3 Nc6 5. Nf3 Qb6 6. Bd3 cxd4 7. cxd4 Bd7 8. O-O
Nxd4 9. Nxd4 Qxd4 10. Qe2 Ne7 11. Nc3 a6 12. Kh1 Nc6 13. f4 Nb4 14. Bb1 Qc4 15.
Qd1 d4 16. Ne4 Bb5 17. Rg1 d3 18. Re1 Bc6 19. Nc3 h5 20. Be3 Nc2 21. Bxc2 dxc2
22. Qxc2 Bb4 23. Qf2 Bxc3 24. bxc3 Rd8 25. Bd4 Rh6 26. Rad1 Rg6 27. Rg1 Bd5 28.
Rd2 Kf8 29. Qh4 Ke8 0-1

[Event "Sao Paulo Interclubs"]
[Site "Sao Paulo"]
[Date "2003.??.??"]
[Round "2"]
[White "Segal, Alexandru Sorin"]
[Black "Rodriguez Vila, Andres"]
[Result "0-1"]
[WhiteElo "2308"]
[BlackElo "2479"]
[PlyCount "51"]
[EventDate "2003.03.08"]
[EventType "team"]
[EventRounds "7"]
[EventCountry "BRA"]
[SourceTitle "CBM 093 Extra"]
[Source "ChessBase"]
[SourceDate "2003.05.09"]
[SourceVersion "1"]
[SourceVersionDate "2003.05.09"]
[SourceQuality "1"]

1. b3 e5 2. Bb2 Nc6 3. e3 d6 4. Bb5 Qg5 5. g3 Be7 6. Nc3 Bg4 7. f3 Bd7 8. Qe2
Nf6 9. Bxc6 bxc6 10. e4 O-O 11. d3 Nh5 12. Bc1 Qg6 13. Bd2 f5 14. exf5 Bxf5 15.
O-O-O Nf6 16. Re1 Nd5 17. g4 Be6 18. Qe4 Qf7 19. Qa4 c5 20. h3 a5 21. Nxd5 Bxd5
22. Rh2 Ra6 23. Rf1 Rfa8 24. Ne2 Bc6 25. Qc4 a4 26. d4 0-1

[Event "Sao Paulo Interclubs"]
[Site "Sao Paulo"]
[Date "2003.??.??"]
[Round "3"]
[White "Rodriguez Vila, Andres"]
[Black "Limp, Eduardo Thelio"]
[Result "1-0"]
[WhiteElo "2479"]
[BlackElo "2370"]
[PlyCount "132"]
[EventDate "2003.03.08"]
[EventType "team"]
[EventRounds "7"]
[EventCountry "BRA"]
[SourceTitle "CBM 093 Extra"]
[Source "ChessBase"]
[SourceDate "2003.05.09"]
[SourceVersion "1"]
[SourceVersionDate "2003.05.09"]
[SourceQuality "1"]

1. e4 c5 2. Nc3 Nc6 3. g3 g6 4. Bg2 Bg7 5. f4 d6 6. d3 Rb8 7. Nf3 Nd4 8. O-O
Bg4 9. Be3 e6 10. Qd2 Ne7 11. Nh4 f5 12. Rae1 O-O 13. Nd1 Bxd1 14. Qxd1 Qb6 15.
c3 Ndc6 16. Rf2 d5 17. exd5 Nxd5 18. Nf3 Rbd8 19. Qa4 Rfe8 20. Qc4 Nxe3 21.
Rxe3 Rd6 22. Rfe2 Nd8 23. Ne5 Re7 24. a3 a5 25. a4 Nf7 26. Nf3 Nd8 27. Qa2 Red7
28. Bf1 Bf6 29. Ne5 Bxe5 30. Rxe5 Kf7 31. Rf2 Nc6 32. Re1 h5 33. Qc4 Nd8 34.
Re5 Rd5 35. Re3 R5d6 36. h3 Kg7 37. Rg2 Nf7 38. Qa2 Rd5 39. Rge2 Nd8 40. Qb1
Qd6 41. Rf2 b6 42. Qe1 Qf8 43. Qe2 Qf6 44. Qf3 Nf7 45. Rfe2 R5d6 46. Re1 Nd8
47. Be2 Rf7 48. Bd1 Rfd7 49. Bb3 Re7 50. Bc4 Re8 51. R1e2 Re7 52. Qf2 Re8 53.
Qe1 Re7 54. Rg2 Nf7 55. Qe2 Re8 56. Qf3 Re7 57. Qa8 Rd8 58. Qa6 Rd6 59. Qc8 Rd8
60. Qc6 Rd6 61. Qf3 Re8 62. Rge2 Re7 63. Qg2 h4 64. Qf3 hxg3 65. Qxg3 Re8 66.
Qg2 Nd8 1-0

[Event "Sao Paulo Interclubs"]
[Site "Sao Paulo"]
[Date "2003.??.??"]
[Round "4"]
[White "Lee, Orlando"]
[Black "Rodriguez Vila, Andres"]
[Result "0-1"]
[WhiteElo "2288"]
[BlackElo "2479"]
[PlyCount "70"]
[EventDate "2003.03.08"]
[EventType "team"]
[EventRounds "7"]
[EventCountry "BRA"]
[SourceTitle "CBM 093 Extra"]
[Source "ChessBase"]
[SourceDate "2003.05.09"]
[SourceVersion "1"]
[SourceVersionDate "2003.05.09"]
[SourceQuality "1"]

1. e4 e6 2. d3 d5 3. Nd2 Nf6 4. Ngf3 Bc5 5. e5 Nfd7 6. g3 Bb6 7. Nb3 c5 8. Bg2
Nc6 9. Qe2 Qc7 10. Bf4 Nf8 11. g4 Ng6 12. Bg3 Bd7 13. O-O O-O-O 14. c4 dxc4 15.
dxc4 h5 16. h3 hxg4 17. hxg4 Kb8 18. Rfe1 Bc8 19. Rad1 Ka8 20. Rd6 Rxd6 21.
exd6 Qd7 22. Ng5 e5 23. Ne4 Nf4 24. Bxf4 exf4 25. Nexc5 Qxd6 26. Ne4 Qg6 27. c5
Bc7 28. f3 f5 29. gxf5 Bxf5 30. Qf2 Ne5 31. Qe2 b6 32. Nd4 Bh3 33. b4 Rd8 34.
Nb5 Bxg2 35. Nxc7+ Kb7 0-1

[Event "Sao Paulo Interclubs"]
[Site "Sao Paulo"]
[Date "2003.??.??"]
[Round "6"]
[White "Arruda, William Batista"]
[Black "Rodriguez Vila, Andres"]
[Result "0-1"]
[WhiteElo "2091"]
[BlackElo "2479"]
[PlyCount "57"]
[EventDate "2003.03.08"]
[EventType "team"]
[EventRounds "7"]
[EventCountry "BRA"]
[SourceTitle "CBM 093 Extra"]
[Source "ChessBase"]
[SourceDate "2003.05.09"]
[SourceVersion "1"]
[SourceVersionDate "2003.05.09"]
[SourceQuality "1"]

1. e4 e6 2. d3 d5 3. Nd2 Nf6 4. Ngf3 Bc5 5. e5 Nfd7 6. Qe2 Bb6 7. g3 c5 8. Bg2
Nc6 9. Nf1 Qc7 10. Bf4 Nf8 11. h4 Ng6 12. h5 Nxf4 13. gxf4 f5 14. exf6 gxf6 15.
f5 e5 16. Ne3 Ne7 17. Nh4 d4 18. Nd5 Nxd5 19. Bxd5 Ba5+ 20. Kf1 Bd7 21. Rg1
O-O-O 22. Rg7 Qb6 23. b3 Bc6 24. Be6+ Kb8 25. f3 Qb4 26. a4 Qd2 27. Qxd2 Bxd2
28. Ke2 Bh6 29. Rgg1 0-1

[Event "Mario Covas 3rd"]
[Site "Santos"]
[Date "2003.04.24"]
[Round "3"]
[White "Leitao, Rafael Duailibe"]
[Black "Rodriguez Vila, Andres"]
[Result "1-0"]
[WhiteElo "2533"]
[BlackElo "2479"]
[PlyCount "89"]
[EventDate "2003.04.22"]
[EventType "tourn"]
[EventRounds "10"]
[EventCountry "BRA"]
[EventCategory "12"]
[SourceTitle "CBM 095"]
[Source "ChessBase"]
[SourceDate "2003.07.25"]
[SourceVersion "1"]
[SourceVersionDate "2003.07.25"]
[SourceQuality "1"]

1. d4 g6 2. c4 Bg7 3. Nc3 d6 4. e4 e5 5. Nf3 Ne7 6. Be2 Nd7 7. O-O O-O 8. Be3
h6 9. dxe5 dxe5 10. c5 f5 11. b4 Kh7 12. Qb3 f4 13. Bd2 g5 14. h3 Nc6 15. Qc4
h5 16. h4 gxh4 17. Rad1 Nd4 18. Nb5 Nxb5 19. Qxb5 c6 20. Qd3 a5 21. bxa5 Qf6
22. Qd6 Qxd6 23. cxd6 Bf6 24. Bc3 Re8 25. Nd2 Kg6 26. Nc4 b5 27. axb6 Rxa2 28.
Rd2 Rxd2 29. Bxd2 Ba6 30. Nxe5+ Bxe5 31. Bxa6 Rb8 32. Rc1 Bxd6 33. Ba5 Nc5 34.
Be2 Kg5 35. Bb4 Nxe4 36. Bxd6 Nxd6 37. Rxc6 Nf5 38. Bd3 h3 39. Rc5 Rxb6 40.
Rxf5+ Kg4 41. Rb5 Rxb5 42. gxh3+ Kxh3 43. Bxb5 Kg4 44. Bc6 h4 45. Kg2 1-0

[Event "Mario Covas 3rd"]
[Site "Santos"]
[Date "2003.04.24"]
[Round "4"]
[White "Rodriguez Vila, Andres"]
[Black "Hoffman, Alejandro"]
[Result "0-1"]
[WhiteElo "2479"]
[BlackElo "2485"]
[PlyCount "120"]
[EventDate "2003.04.22"]
[EventType "tourn"]
[EventRounds "10"]
[EventCountry "BRA"]
[EventCategory "12"]
[SourceTitle "CBM 095"]
[Source "ChessBase"]
[SourceDate "2003.07.25"]
[SourceVersion "1"]
[SourceVersionDate "2003.07.25"]
[SourceQuality "1"]

1. e4 c5 2. Nc3 Nc6 3. g3 e6 4. Bg2 Nge7 5. Nf3 e5 6. d3 d6 7. O-O h6 8. Nd2 g6
9. Nc4 Be6 10. f4 exf4 11. Nd5 Nc8 12. gxf4 Bxd5 13. exd5 N6e7 14. Qe2 Kd7 15.
b4 cxb4 16. Rb1 Nf5 17. Rxb4 Rb8 18. Bb2 Rg8 19. Ne3 Qa5 20. a3 Nce7 21. Ng4
Bg7 22. Bxg7 Rxg7 23. Rfb1 b6 24. d4 Kd8 25. Qd3 g5 26. Rb5 Qa4 27. R1b4 Qa6
28. Ne3 Qc8 29. Rc4 Qd7 30. Nxf5 Qxf5 31. Qxf5 Nxf5 32. Bh3 g4 33. Bg2 Rc8 34.
Rxc8+ Kxc8 35. c3 Rg8 36. Be4 Ng7 37. Rb2 Re8 38. Re2 Kd8 39. Kf2 Nh5 40. f5
Re7 41. Re3 Nf4 42. Bh1 Nh3+ 43. Ke2 Rxe3+ 44. Kxe3 Ke7 45. Bg2 Kf6 46. Bxh3
gxh3 47. Kf4 b5 48. Kg4 a6 49. Kf4 h5 50. Ke4 Kg5 51. f6 Kxf6 52. Kf4 Kg6 53.
Kg3 Kf5 54. Kf3 h4 55. Ke3 Kg4 56. Ke4 f6 57. Ke3 f5 58. Ke2 Kf4 59. Kf2 Ke4
60. Ke2 Kxd5 0-1

[Event "Mario Covas 3rd"]
[Site "Santos"]
[Date "2003.04.28"]
[Round "8"]
[White "Rodriguez Vila, Andres"]
[Black "Leitao, Rafael Duailibe"]
[Result "1/2-1/2"]
[WhiteElo "2479"]
[BlackElo "2533"]
[PlyCount "62"]
[EventDate "2003.04.22"]
[EventType "tourn"]
[EventRounds "10"]
[EventCountry "BRA"]
[EventCategory "12"]
[SourceTitle "CBM 095"]
[Source "ChessBase"]
[SourceDate "2003.07.25"]
[SourceVersion "1"]
[SourceVersionDate "2003.07.25"]
[SourceQuality "1"]

1. e4 c6 2. d4 d5 3. Nc3 dxe4 4. Nxe4 Bf5 5. Ng3 Bg6 6. h4 h6 7. Nf3 Nd7 8. h5
Bh7 9. Bf4 e6 10. Be2 Ngf6 11. c4 Bb4+ 12. Kf1 Be7 13. Qd2 O-O 14. Rd1 Qb6 15.
Kg1 Rfe8 16. Ne5 Nxe5 17. Bxe5 Nd7 18. Bf4 Bf6 19. Be3 Rad8 20. b4 Qc7 21. Bd3
Bxd3 22. Qxd3 Be7 23. Qb3 Nf6 24. Ne2 b5 25. Rc1 Qb7 26. a3 bxc4 27. Qxc4 Qb5
28. Nf4 Rc8 29. Rh3 Bd6 30. Nd3 Red8 31. Nc5 Bxc5 1/2-1/2

[Event "Mario Covas 3rd"]
[Site "Santos"]
[Date "2003.04.29"]
[Round "9"]
[White "Hoffman, Alejandro"]
[Black "Rodriguez Vila, Andres"]
[Result "1-0"]
[WhiteElo "2485"]
[BlackElo "2479"]
[PlyCount "123"]
[EventDate "2003.04.22"]
[EventType "tourn"]
[EventRounds "10"]
[EventCountry "BRA"]
[EventCategory "12"]
[SourceTitle "CBM 095"]
[Source "ChessBase"]
[SourceDate "2003.07.25"]
[SourceVersion "1"]
[SourceVersionDate "2003.07.25"]
[SourceQuality "1"]

1. d4 f5 2. c4 Nf6 3. Nc3 g6 4. h4 d6 5. h5 Nxh5 6. Rxh5 gxh5 7. e4 Bg7 8.
Qxh5+ Kd7 9. Be3 c6 10. Qxf5+ Kc7 11. Qa5+ b6 12. Qa3 Nd7 13. O-O-O Qf8 14.
Nge2 Nf6 15. c5 Bd7 16. cxd6+ exd6 17. d5 c5 18. Nf4 Ng4 19. Nb5+ Kb8 20. Ne6
Bxe6 21. dxe6 Bh6 22. Nxd6 Bxe3+ 23. fxe3 Nf2 24. Qa6 Qe7 25. Rd2 Rf8 26. Bb5
Qc7 27. e7 Qxe7 28. Rxf2 Qxd6 29. Rxf8+ Qxf8 30. Bc6 Qf7 31. Bxa8 c4 32. Qa4
Kxa8 33. Qc6+ Kb8 34. Qd6+ Kc8 35. Qf4 Qe7 36. Qf5+ Kb8 37. Kc2 a6 38. g4 b5
39. g5 Qb4 40. Qe5+ Kb7 41. Qd5+ Kc7 42. Qf7+ Kb6 43. Qe6+ Kb7 44. Qd7+ Kb6 45.
e5 Qf8 46. Qd4+ Kc6 47. Qf4 Qb4 48. Qe4+ Kb6 49. Qd4+ Kc6 50. Qe4+ Kb6 51. e6
Qa4+ 52. Kc1 Qxa2 53. Qd4+ Kc7 54. e7 Qa1+ 55. Kd2 c3+ 56. Kxc3 Qc1+ 57. Kb3
Qc6 58. Kb4 a5+ 59. Kxa5 Kb7 60. Kb4 Qe6 61. Qc5 Ka6 62. Qxb5+ 1-0

[Event "Mario Covas 3rd"]
[Site "Santos"]
[Date "2003.04.30"]
[Round "10"]
[White "Rodriguez Vila, Andres"]
[Black "Morovic Fernandez, Ivan"]
[Result "1/2-1/2"]
[WhiteElo "2479"]
[BlackElo "2551"]
[PlyCount "33"]
[EventDate "2003.04.22"]
[EventType "tourn"]
[EventRounds "10"]
[EventCountry "BRA"]
[EventCategory "12"]
[SourceTitle "CBM 095"]
[Source "ChessBase"]
[SourceDate "2003.07.25"]
[SourceVersion "1"]
[SourceVersionDate "2003.07.25"]
[SourceQuality "1"]

1. e4 e5 2. Nf3 Nc6 3. Bc4 Bc5 4. c3 Nf6 5. d3 d6 6. Bb3 Bb6 7. Nbd2 Ne7 8. h3
Ng6 9. Nc4 O-O 10. O-O h6 11. Re1 Re8 12. Qe2 c6 13. Nxb6 axb6 14. Nh2 Be6 15.
Bxe6 Rxe6 16. Ng4 d5 17. g3 1/2-1/2

[Event "Vicente Lopez Magistral 6th"]
[Site "Vicente Lopez"]
[Date "2003.07.27"]
[Round "4"]
[White "Rodriguez Vila, Andres"]
[Black "Roselli Mailhe, Bernardo"]
[Result "1/2-1/2"]
[WhiteElo "2485"]
[BlackElo "2440"]
[PlyCount "21"]
[EventDate "2003.07.24"]
[EventType "tourn"]
[EventRounds "11"]
[EventCountry "ARG"]
[EventCategory "7"]
[SourceTitle "CBM 095 Extra"]
[Source "ChessBase"]
[SourceDate "2003.09.04"]
[SourceVersion "1"]
[SourceVersionDate "2003.09.04"]
[SourceQuality "1"]

1. e4 e5 2. Nf3 Nf6 3. Nxe5 d6 4. Nf3 Nxe4 5. Qe2 Qe7 6. Nc3 Nxc3 7. bxc3 Qxe2+
8. Bxe2 Be7 9. O-O O-O 10. d4 Nd7 11. Rb1 1/2-1/2

[Event "Vicente Lopez Magistral 6th"]
[Site "Vicente Lopez"]
[Date "2003.07.30"]
[Round "7"]
[White "Marques, Vinicius"]
[Black "Rodriguez Vila, Andres"]
[Result "1/2-1/2"]
[WhiteElo "2380"]
[BlackElo "2485"]
[PlyCount "21"]
[EventDate "2003.07.24"]
[EventType "tourn"]
[EventRounds "11"]
[EventCountry "ARG"]
[EventCategory "7"]
[SourceTitle "CBM 095 Extra"]
[Source "ChessBase"]
[SourceDate "2003.09.04"]
[SourceVersion "1"]
[SourceVersionDate "2003.09.04"]
[SourceQuality "1"]

1. d4 d5 2. c4 c6 3. Nf3 Nf6 4. cxd5 cxd5 5. Nc3 e6 6. Bf4 a6 7. e3 Be7 8. Be2
O-O 9. O-O Nc6 10. Ne5 Nxe5 11. Bxe5 1/2-1/2

[Event "Vicente Lopez Magistral 6th"]
[Site "Vicente Lopez"]
[Date "2003.07.31"]
[Round "8"]
[White "Rodriguez Vila, Andres"]
[Black "Valerga, Diego"]
[Result "1/2-1/2"]
[WhiteElo "2485"]
[BlackElo "2496"]
[PlyCount "142"]
[EventDate "2003.07.24"]
[EventType "tourn"]
[EventRounds "11"]
[EventCountry "ARG"]
[EventCategory "7"]
[SourceTitle "CBM 095 Extra"]
[Source "ChessBase"]
[SourceDate "2003.09.04"]
[SourceVersion "1"]
[SourceVersionDate "2003.09.04"]
[SourceQuality "1"]

1. e4 c6 2. d4 d5 3. Nd2 dxe4 4. Nxe4 Bf5 5. Ng3 Bg6 6. Nf3 Nd7 7. Be2 e6 8.
O-O Ngf6 9. c4 Be7 10. Qb3 Qc7 11. Be3 O-O 12. Rac1 a5 13. Rfd1 a4 14. Qc3 Rfd8
15. a3 Bd6 16. Nh4 Bf4 17. Nxg6 hxg6 18. Bf3 Bxe3 19. fxe3 Re8 20. Qb4 e5 21.
d5 e4 22. Be2 c5 23. Qd2 Ra6 24. Rf1 Nb6 25. Bd1 Nc8 26. Qf2 Qe5 27. Rc3 Nd6
28. Bc2 Re7 29. Qe2 Ra8 30. Qd1 b5 31. cxb5 c4 32. Rxf6 gxf6 33. Bxa4 Rb7 34.
Nf1 Rc8 35. Rc2 Rc5 36. Rd2 Nxb5 37. d6 Rd7 38. Bxb5 Rxb5 39. Qa4 Kg7 40. Rd4
Rbb7 41. Qc6 Qb5 42. Qxb5 Rxb5 43. Nd2 Rxb2 44. Nxc4 Rb3 45. Rxe4 Rd3 46. Kf2
f5 47. Re8 Rc3 48. Rc8 Kf6 49. a4 Rc2+ 50. Kf3 Ra7 51. a5 Ke6 52. Re8+ Kf6 53.
Nb6 Rd2 54. d7 Rdxd7 55. Nxd7+ Rxd7 56. Rb8 Rd5 57. Rb6+ Ke5 58. Ra6 Rd2 59.
Ra8 Ra2 60. a6 Kf6 61. h3 Ra4 62. g3 Ra2 63. h4 Ke6 64. e4 Ra3+ 65. Kf4 fxe4
66. Kxe4 Ra4+ 67. Kf3 Kf6 68. a7 Kg7 69. g4 Ra1 70. h5 gxh5 71. gxh5 Ra2
1/2-1/2